ბათუმის შოთა რუსთაველის სახელმწიფო უნივერსიტეტის ბიბლიოთეკა

Floortime strategies to promote development in children and teens: (ბიბ.ჩანაწერი № 58112)

000 -LEADER
fixed length control field 01081cam a2200241 i 4500
001 - CONTROL NUMBER
control field 18128351
005 - DATE AND TIME OF LATEST TRANSACTION
control field 20210617134954.0
008 - FIXED-LENGTH DATA ELEMENTS--GENERAL INFORMATION
fixed length control field 140425s2014 mdu b 001 0 eng
020 ## - INTERNATIONAL STANDARD BOOK NUMBER
International Standard Book Number 9781598577341
041 ## - LANGUAGE CODE
Language code of text/sound track or separate title end
080 ## - UNIVERSAL DECIMAL CLASSIFICATION NUMBER
Universal Decimal Classification number 376 D-26
100 1# - MAIN ENTRY--PERSONAL NAME
Personal name Davis, Andrea
Dates associated with a name 1961-
9 (RLIN) 12077
245 10 - TITLE STATEMENT
Title Floortime strategies to promote development in children and teens:
Remainder of title a user's guide to the DIR® model /
Statement of responsibility, etc. by Andrea Davis, Lahela Isaacson, M.S., and Michelle Harwell, M.S.
264 #1 - PRODUCTION, PUBLICATION, DISTRIBUTION, MANUFACTURE, AND COPYRIGHT NOTICE
Place of production, publication, distribution, manufacture Baltimore, Maryland :
Name of producer, publisher, distributor, manufacturer Paul H. Brookes Pub. Co.,
Date of production, publication, distribution, manufacture, or copyright notice 2014.
300 ## - PHYSICAL DESCRIPTION
Extent 193 pages ;
Dimensions 28 cm.
653 ## - INDEX TERM--UNCONTROLLED
keyword განვითარების უნარშეზღუდული ბავშვების მშობლები
653 ## - INDEX TERM--UNCONTROLLED
keyword Родители детей с отклонениями в развитии
653 ## - INDEX TERM--UNCONTROLLED
keyword ბავშვთა ფსიქოლოგია
653 ## - INDEX TERM--UNCONTROLLED
keyword Детская психология
700 1# - ADDED ENTRY--PERSONAL NAME
Personal name Isaacson, Lahela.
Relator term ავტორი
9 (RLIN) 12078
700 1# - ADDED ENTRY--PERSONAL NAME
Personal name Harwell, Michelle.
Relator term ავტორი
9 (RLIN) 12079
942 ## - ADDED ENTRY ELEMENTS (KOHA)
Source of classification or shelving scheme
Koha item type წიგნი
ეგზემპლარები
Withdrawn status Lost status Source of classification or shelving scheme Damaged status Not for loan Permanent Location Current Location Shelving location Date acquired Cost, normal purchase price Full call number Barcode Date last seen Copy number Price effective from Koha item type Public note
          ბათუმის შოთა რუსთაველის სახელმწიფო უნივერსიტეტის მთავარი ბიბლიოთეკა ბათუმის შოთა რუსთაველის სახელმწიფო უნივერსიტეტის მთავარი ბიბლიოთეკა წიგნსაცავი 2021-06-17 147.00 376 D-26 61398 2021-06-17 61398 2021-06-17 წიგნი 147 ლ.